000 00429ntaaa2200181 4500
003 01
005 20251027201325.0
008 0714s1973 ag 01
040 _aAR-BaBN
_bspa
_cAR-BaBN
_eaacr
_dRIC
082 _a223.1000 R56
100 _aRobinson, T. H.
_910943
245 _aJob and his friends
250 _a1 ed. :
_bSCM,
_cc1954
300 _a125 p.
650 _aJob
_9347
650 _aAntiguo Testamento-Job
942 _cBK
999 _c7695
_d7695